00363 2200157 4500001002100000005001500021035002000036245003000056100001600086300001100102260003600113082000800149084001400157020002200171990001200193INLIS00000000000168320250429012208 a0010-04250000991 aBola Volli /cTim Redaksi0 aTim Redaksi a32 hlm aJakarta :bPuspa Populer,c2008 a700 a700 TIM b a978-979-1474-74-0 a0754660